Science Quiz

Random Science or Animal Quiz

Click the Correct Animal III Quiz Stats

 Plays Quiz Updated Jun 13, 2017

Support Sporcle.
Go Orange.
Score 0/24 Timer 05:00
5 Plays Today
% Correct
Star Fish
95.6%
Pancake Tortoise
93.3%
Sea Cucumber
92.9%
Chipmunk
92.3%
Leafcutter Bee
91.6%
Galápagos Tortoise
91.6%
Leopard Tortoise
91.1%
Urchin
90.7%
Bumblebee
89.9%
Hermit Crab
89.5%
American Bison
88.6%
Christmas Island
Red Crab
88.1%
% Correct
Lemur
86%
Prairie Dog
80.4%
Pheasant
78.2%
Coconut Crab
76%
Capuchin
75.2%
Quail
74.2%
Grouse
72.9%
Honey Bee
72.7%
Tamarin
72.2%
Gaur
67.8%
African Buffalo
67.3%
Marmot
55.5%

You're not logged in!

Compare scores with friends on all Sporcle quizzes.
OR
Log In
Forgot?

From the Vault

Right or Wrong Author?

by Joshie_the_great

This quiz will get a lot easier when all our books are written by computers.
Remove Ads.
Support Sporcle.
Get the best of Sporcle when you Go Orange. This ad-free experience offers more features, more stats, and more fun while also helping to support Sporcle. Thank you for becoming a member.

Show Comments

Extras

Top Quizzes Today


Score Distribution

Your Account Isn't Verified!

In order to create a playlist on Sporcle, you need to verify the email address you used during registration. Go to your Sporcle Settings to finish the process.

Report this User

Report this user for behavior that violates our Community Guidelines.

Details: